Hungary : Technical Assistance Report-Operational Aspects of Establishing an Asset Management Company.

This Technical Assistance report highlights that the Hungarian economy is recovering gradually from a sharp recession. Restoring credit growth has become a central policy objective, seen as key to economic recovery and effective monetary transmission. Recent legislation significantly affects the ban...

Ausführliche Beschreibung

Bibliographische Detailangaben
Körperschaft: International Monetary Fund. Monetary and Capital Markets Department
Format: Zeitschrift
Sprache:English
Veröffentlicht: Washington, D.C. : International Monetary Fund, 2015.
Schriftenreihe:IMF Staff Country Reports; Country Report ; No. 2015/099
Online Zugang:Full text available on IMF
LEADER 02310cas a2200241 a 4500
001 AALejournalIMF015174
008 230101c9999 xx r poo 0 0eng d
020 |c 5.00 USD 
020 |z 9781475534313 
022 |a 1934-7685 
040 |a BD-DhAAL  |c BD-DhAAL 
110 2 |a International Monetary Fund.  |b Monetary and Capital Markets Department. 
245 1 0 |a Hungary :   |b Technical Assistance Report-Operational Aspects of Establishing an Asset Management Company. 
264 1 |a Washington, D.C. :  |b International Monetary Fund,  |c 2015. 
300 |a 1 online resource (17 pages) 
490 1 |a IMF Staff Country Reports 
500 |a <strong>Off-Campus Access:</strong> No User ID or Password Required 
500 |a <strong>On-Campus Access:</strong> No User ID or Password Required 
506 |a Electronic access restricted to authorized BRAC University faculty, staff and students 
520 3 |a This Technical Assistance report highlights that the Hungarian economy is recovering gradually from a sharp recession. Restoring credit growth has become a central policy objective, seen as key to economic recovery and effective monetary transmission. Recent legislation significantly affects the banking sector. The Settlement Act requires banks to compensate borrowers for 'unfair lending practices' on a retroactive basis for past unilateral contract modification and for the use of bid-ask spreads in calculating foreign currency loan disbursements. The principle areas of concern include the institutional factors and financial issues shown in the text table. The rest of this report discusses ways of mitigating the risks stemming from these factors, through setting appropriate objectives and institutional arrangements, and good operational practices. A clear mandate and well-defined objectives are critical for the effective functioning of asset management companies (AMC). Regardless of the ultimate policy objective behind the establishment of AMCs, once established, the institution should focus single minded on maximizing the value of the assets it has acquired. 
538 |a Mode of access: Internet 
830 0 |a IMF Staff Country Reports; Country Report ;  |v No. 2015/099 
856 4 0 |z Full text available on IMF  |u http://elibrary.imf.org/view/journals/002/2015/099/002.2015.issue-099-en.xml  |z IMF e-Library